000 00583nam a2200193Ia 4500
003 OSt
005 20211001080511.0
008 151015s9999 xx 000 0 und d
020 _a1583880313
040 _aMMU
_beng
_cMMU
_dMMU
050 _aTL 215 .F7 K556 2000
100 _aKillen D. William
245 _aNavy 7 marine corps apparatus :
_b1836-2000 photo gallery/
_cWilliam, D Killen.
260 _aHudson ,Wisconsin:
_bIconografix ,
_c2000 .
300 _a221 p. :
_bill. ;
650 _aMarine Photo Gallery
700 _a^d20120828 11:18:42^okorir
942 _2lcc
_cLOAN LOAN
999 _c3624
_d3624